000 02058nam a22002777a 4500
001 121297
008 230104s2021 xxk|||||o|||| 00| 0 eng d
020 _a9781783214235
041 _aeng
100 _aManns, Jonathan
110 _aRoyal Institution of Chartered Surveyors
245 _aLand measurement for planning and development purposes
_h[Electronic resource]
260 _aLondon,
_bRoyal Institution of Chartered Surveyors,
_cMay 2021
300 _a42p.
490 _aRICS guidance note
520 _aEffective from 24 August 2021.
520 _aThis guidance note defines three distinct areas: the land ownership area, referring to the legal land ownership area; the site area, identified for planning application purposes; and the net development area, identifying the part of the site that will be occupied by buildings. Advice on the calculation of development density is also provided. It provides global best practice, but practitioners will need to be aware of any local jurisdictional requirements that may have superior authority. The publication of this guidance note remedies a historical lack of clarity and consistency in the way that land is measured and described for development purposes. It should be read in a cross-disciplinary context. The intention is that it will be applied across all built environment professions (including surveying, planning, architecture, engineering and related disciplines).
520 _aIdentifies five principal measurements: Land ownership area (LOA); Site area (SA); Net development area (NDA); Plot ration (PR) and Site coverage (SC).
651 _aInternational
690 _96251
_aLand use
690 _96259
_aPlanning and development
690 _96256
_aMeasurement
710 _aRoyal Institution of Chartered Surveyors
856 _uhttps://www.rics.org/profession-standards/rics-standards-and-guidance/sector-standards/land-standards/land-measurement-for-planning-and-development-purposes-global-guidance-note-1st-edition
_zAvailable free on RICS.org
942 _n0
999 _c121297
_d121297